000 00769nam a2200277Ia 4500
003 OSt
005 20220912151226.0
006 a|||||r|||| 00| 0
007 ta
008 220909b |||||||| |||| 00| 0 eng d
024 _a47999
037 _cTextual
040 _aCSL
_beng
_cCSL
041 _aeng
082 _aH422, M4
100 _aGreenwood B Ed.
245 0 _aHydrodynamics and sedimentation in wave-dominated coastal environments
260 _aAmsterdam
_bElsevier
_c1984
300 _avii, 473p.
_ccm.
490 _aDevelopments in sedimentology; 39
650 _a Hydrodynamics
650 _aGeology
700 _a Davis R A Ed.
942 _hH422, M4
_cTEXL
_2CC
999 _c63979
_d63979